País | Filmografía | Director/a | % Correcto |
---|---|---|---|
México | •El laberinto del fauno •La forma del agua •La invención de Cronos | Guillermo Del Toro | 100%
|
México | •Amores perros •Babel •Birdman | Alejandro González Iñárritu | 79%
|
México | •Children of Men
•Gravedad
•Roma | Alfonso Cuarón | 64%
|
Argentina / Francia | •Irreversible •Enter The Void •Climax | Gaspar Noé | 50%
|
Chile / Francia | •La montaña sagrada •El Topo •Jodorowsky's Dune | Alejandro Jodorowsky | 43%
|
Argentina | •Relatos salvajes •Tiempo de valientes •Misántropo | Damián Szifrón | 43%
|
Argentina | •El secreto de sus ojos •El hijo de la novia •Luna de Avellaneda | Juan José Campanella | 43%
|
Argentina | •La ciénaga •La niña santa •Zama | Lucrecia Martel | 36%
|
Chile | •Jackie •No •El Conde | Pablo Larraín | 36%
|
Brasil | •Ciudad de Dios •El jardinero fiel •Los dos papas | Fernando Meirelles | 29%
|
Argentina | •Mundo grúa •El bonaerense •El clan | Pablo Trapero | 29%
|
Argentina | •Tiempo de revancha •Martin (Hache) •Un lugar en el mundo | Adolfo Aristarain | 21%
|
México | •El castillo de la pureza •El lugar sin límites •Profundo carmesí | Arturo Ripstein | 21%
|
México | •María Candelaria •Enamorada •La perla | Emilio Fernández | 21%
|
Argentina | •Nueve reinas •El aura | Fabián Bielinsky | 21%
|
Argentina | •Nazareno Cruz y el Lobo •Crónica de un niño solo •El dependiente | Leonardo Favio | 21%
|
Argentina | •Argentina, 1985 •La cordillera •El estudiante | Santiago Mitre | 21%
|
Uruguay / Argentina | •Pizza, Birra, Faso •Un oso rojo •Crónica de una fuga | Adrián Caetano | 14%
|
México | •Heli •Los bastardos •La región salvaje | Amat Escalante | 14%
|
Argentina | •It •Mama •The Flash | Andy Muschietti | 14%
|
Argentina | •Hombre mirando al sudeste •El lado oscuro del corazón •Últimas imágenes del naufragio | Eliseo Subiela | 14%
|
Argentina | •La hora de los hornos •Sur •El viaje | Fernando Solanas / Pino Solanas | 14%
|
Argentina | •El ciudadano ilustre •El hombre de al lado •Competencia oficial | Gastón Duprat / Mariano Cohn | 14%
|
Brasil | •Dios y el diablo en la tierra del sol •Tierra en trance •Antonio das Mortes | Glauber Rocha | 14%
|
Brasil / Argentina | •El beso de la mujer araña •Carandiru •Pixote | Héctor Babenco | 14%
|
México | •Los hermanos Del Hierro •Ánimas Trujano •Tizoc | Ismael Rodríguez | 14%
|
México | •Nuevo Orden •Sundown •Después de Lucía | Michel Franco | 14%
|
Cuba | •Memorias del subdesarrollo •La muerte de un burócrata •Fresa y chocolate | Tomás Gutiérrez Alea | 14%
|
Brasil | •Estación central •Diarios de motocicleta •Tierra extranjera | Walter Salles | 14%
|
México | •Güeros •Museo •Una película de policías | Alfonso Ruizpalacios | 7%
|
Chile | •Machuca •Violeta se fue a los cielos •Araña | Andrés Wood | 7%
|
Colombia | •El abrazo de la serpiente •Pájaros de verano •Los viajes del viento | Ciro Guerra | 7%
|
Guatemala | •La Llorona •Ixcanul •Temblores | Jayro Bustamante | 7%
|
Brasil | •Aquarius •Bacurau •Sonidos vecinos | Kleber Mendonca Filho | 7%
|
Chile | •El agente topo •La memoria infinita •La Once | Maite Alberdi | 7%
|
Argentina | •Caballos salvajes •Plata quemada •Kamchatka | Marcelo Piñeyro | 7%
|
Chile /
Francia | •La ciudad de los piratas •Misterios de Lisboa •La hipótesis del cuadro robado | Raúl Ruiz | 7%
|
Perú | •La teta asustada •Maidenusa •Distancia de rescate | Claudia Llosa | 0%
|
Cuba | •Lucía •Cecilia •Un hombre de éxito | Humberto Solás | 0%
|
Brasil | •Macunaíma •El cura y la muchacha •Los confidentes | Joaquim Pedro de Andrade | 0%
|
Brasil | •La vida invisible de Euridice Gusmão •El cielo de Suely •Madame Satã | Karim Aïnouz | 0%
|
Brasil | •Vidas secas •Rio, Zona Norte •Memórias de la cárcel | Nelson Pereira dos Santos | 0%
|
Chile | •La batalla de Chile •Nostalgia de la luz •Mi país imaginario | Patricio Guzmán | 0%
|
Chile | •Una mujer fantástica •Gloria •Desobediencia | Sebastián Lelio | 0%
|
El Salvador / México | •Noche de fuego •Tempestad •El eco | Tatiana Huezo | 0%
|
Copyright H Brothers Inc, 2008–2024
Contáctenos | Regresar al principio de la página | Ver el sitio móvil